2021 All Blacks - Statistics

General Stats
  • This quiz has been taken 10 times
    4 since last reset
  • The average score is 36 of 42
Answer Stats
Position Name % Correct
Halfback Aaron Smith
100%
Loose Forward Akira Ioane
100%
Prop Angus Ta'avao
100%
Center Anton Lienert-Brown
100%
Loose Forward Ardie Savea
100%
Hooker Asafo Aumua
100%
First Five-Eighth Beauden Barrett
100%
Lock Brodie Retallick
100%
Hooker Codie Taylor
100%
Hooker Dane Coles
100%
Loose Forward Ethan Blackadder
100%
Prop Ethan de Groot
100%
Halfback Finlay Christie
100%
Prop Joe Moody
100%
Fullback Jordie Barrett
100%
Loose Forward Luke Jacobson
100%
Prop Nepo Laulala
100%
Prop Ofa Tuungafasi
100%
First Five-Eighth Richie Mo'unga
100%
Wing / Center Rieko Ioane
100%
Lock Sam Whitelock
100%
Lock Scott Barrett
100%
Loose Forward Shannon Frizell
100%
Halfback TJ Perenara
100%
Lock Tupou Vaa'i
100%
Prop Tyral Lomax
100%
Wing Will Jordan
100%
Halfback Brad Weber
67%
Center Braydon Ennor
67%
Loose Forward Dalton Papali'i
67%
Fullback Damian McKenzie
67%
Second Five-Eighth David Havili
67%
Prop George Bower
67%
Wing George Bridge
67%
Loose Forward Hoskins Sotutu
67%
Lock Josh Lord
67%
Second Five-Eighth Quinn Tupaea
67%
Loose Forward Sam Cane
67%
Hooker Samisoni Taukei'aho
67%
Wing Sevu Reese
67%
Prop Karl Tuinukuafe
33%
Lock Patrick Tuipolutu
33%
No matching quizzes found
Score Distribution
Percent of People with Each Score
Percentile by Number Answered
Your Score History
You have not taken this quiz since the last reset